Normal view MARC view
  • Ortiz de los Ríos, Luis

Entry Nombre Personal

Number of records used in: 1

001 - NUMERO DE CONTROL

  • campo de control: 54210

003 - IDENTIFICADOR DE NUMERO DE CONTROL

  • campo de control: MX-MxUPN

005 - FECHA Y HORA DE LA ÜLTIMA TRANSACCIÓN

  • campo de control: 20241021121855.0

008 - DATOS DE LONGITUD FIJA

  • campo de control de longitud fija: 241021|| acn||aabn | aaa d

040 ## - FUENTE DE CATALOGACIÓN

  • Agencia original de catalogación: MX-MxUPN
  • Lenguaje de catalogación: spa
  • Agencia de transcripción: MX-MxUPN

100 1# - ENCABEZAMIENTO - NOMBRE PERSONAL

  • Nombre personal: Ortiz de los Ríos, Luis

670 ## - FUENTE EN LA QUE SE LOCALIZARON DATOS

  • Cita de la fuente: Cómo entender y atender los problemas de los adolescentes : su conocimiento y educación, 1972 :
  • Información localizada: portada (Luis Ortiz de los Ríos)

902 ## - CATALOGADOR

  • Catalogador: MaríaRobles/211024